K-pop: UNCHILD Members - Images - Statistics

General Stats
  • This quiz has been taken 119 times
  • The average score is 5 of 6
Answer Stats
Picture Answer % Correct
Ako
96%
Heekie
96%
Yeeun
94%
Tina
90%
Haeun
86%
Evon
80%
No matching quizzes found
Score Distribution
Percent of People with Each Score
Percentile by Number Answered
Your Score History
You have not taken this quiz